=LDR 00000nam 2200000 4500 =001 INLIS000000000036847 =005 20130612142617 =008 ***********************************Ind** =035 ##$$0010-061300000036847 =041 ##$$a Ind =082 ##$$a 641.822 =090 ##$$a 641.822, Erw a =100 ##$$a Erwin, Lilly T =245 ##$$a Aromarasa kuliner nusantara, mi goreng dan mi rebus populer daerah, Lilly T Erwin ; editor, Intarina Hardiman =260 ##$$a 2010 $b Jakarta =300 ##$$a 56 hlm, ilus, 21 cm =650 ##$$a Mi( masakan) =850 ##$$a NBPNMAT =990 ##$$a 0001/BPAP-NTB/20142015 =990 ##$$a 0001/BPAP-NTB/2016 =990 ##$$a 77447744 =990 ##$$a 21103653 =990 ##$$a 0001/BPAP-NTB/20142015 =990 ##$$a 0001/BPAP-NTB/2016